Snk quizz 2 ( attaque des titans) ( attack on titan ) - Statistiques

Statistiques générales
  • Ce quiz a été pris 151 fois
  • Le résultat moyen est 14 sur 22
Statistiques - réponses
Prénom Nom % Correct
Mikasa, Livai ou Kenny Ackerman
96%
Eren, Grisha, Carla ou Sieg Jager
94%
Armin Arlert
84%
Conny Springer
84%
Reiner ou Gaby Braun
80%
Historia, Frieda ou rod Reiss
80%
Erwin Smith
80%
Hansi/hange Zoe
80%
Eren Kruger
73%
Jean Kirstein
71%
Bertholt Hoover
68%
Dot Pixis
64%
Christa Lenz
63%
Ymir ou Karl Fritz
62%
Annie Leonhart
61%
Theo Magath
57%
Sasha Brauss
55%
Falco ou Kord Gleis
43%
Daris Zackley
40%
Pieck Finger
36%
Tom Xaver
30%
Thomas Wagner
24%
Aucun quiz correspondant
Distribution des résultats
% des personnes avec chaque résultat
Percentile par nombre de réponses
Votre historique - résultats
Vous n’avez pas pris ce quiz